| 000 | 01823nam a2200397 c 4500 | ||
|---|---|---|---|
| 003 | BLK | ||
| 005 | 20180420223826.0 | ||
| 008 | 180408b bul|||||r ||||||| ||bul|| | ||
| 010 | _aKNG00075686000 | ||
| 020 |
_a978-954-9373-32-5 _bиздат.: Еньовче |
||
| 040 | _aBLK | ||
| 041 |
_aBUL _cBUL |
||
| 080 |
_aВещества от естествен произход и тяхните смеси. Лекарствени суровини. Фармакогнозия. Вещества от животински и минерален произход. Минерални води _b615.32 _x _z615.32 |
||
| 080 |
_a _b638.16/.17 _x _z638.16/.17 |
||
| 080 |
_aНародна медицина. Лечение с домашни средства _b615.89 _x(083.1) _z615.89(083.1) |
||
| 100 | 1 |
_aКирилов, Наско Савов _eпърви автор _9291832 |
|
| 139 |
_aКирилов, Наско Савов _bК 57 |
||
| 245 | 1 | 0 |
_aПчелните продукти - храна и лечебна сила _cНаско Савов Кирилов. |
| 257 | _aBGR | ||
| 260 |
_аСофия _bЕньовче _c2007 |
||
| 300 |
_a216 с. _bс ил., табл. _c23 см |
||
| 380 | _a61 | ||
| 500 | _aБиблиогр. с. 211-215. | ||
| 650 | 4 |
_aПчелни продукти - свойства и приложение - наръчници и ръководства _9242075 |
|
| 650 | 4 |
_aМед, пчелен - лечебни свойства и приложение _9242074 |
|
| 650 | 4 |
_aМедолечение - справочници _9161746 |
|
| 653 | _aпчелни продукти | ||
| 653 | _aмед | ||
| 653 | _aмедолечение | ||
| 653 | _aнаръчници | ||
| 852 | _aЦб 234350 | ||
| 856 | 4 |
_qpdf _u |
|
| 856 | 4 |
_qpdf _u |
|
| 942 |
_cKNG _n0 |
||
| 944 |
_aCR _c13.06.2007 _kМилена_Ачева |
||
| 944 |
_aED _c13.08.2012 _k |
||
| 999 |
_c71318 _d71318 |
||